Chemistry : (Record no. 2277)
[ view plain ]
| 000 -LEADER | |
|---|---|
| fixed length control field | 00852cam a22002532 4500 |
| 001 - CONTROL NUMBER | |
| control field | 0000003888 |
| 005 - DATE AND TIME OF LATEST TRANSACTION | |
| control field | 20151217145743.0 |
| 008 - FIXED-LENGTH DATA ELEMENTS--GENERAL INFORMATION | |
| fixed length control field | 070516s xx 000 0 eng d |
| 020 ## - INTERNATIONAL STANDARD BOOK NUMBER | |
| Terms of availability | KES 500 (donation) |
| 040 ## - CATALOGING SOURCE | |
| Original cataloging agency | KABU |
| Transcribing agency | KABU |
| 050 #0 - LIBRARY OF CONGRESS CALL NUMBER | |
| Classification number | QD33 |
| Item number | .S55 2000 |
| 100 1# - MAIN ENTRY--PERSONAL NAME | |
| Personal name | Silberberg, Martin Stuart. |
| -- | 0000154110 |
| 245 10 - TITLE STATEMENT | |
| Title | Chemistry : |
| Remainder of title | the molecular nature of matter and change / |
| Statement of responsibility, etc. | Martin Silberberg; consultants, Randy Duran ... [et al.] |
| 250 ## - EDITION STATEMENT | |
| Edition statement | 2nd ed. |
| 260 ## - PUBLICATION, DISTRIBUTION, ETC. (IMPRINT) | |
| Place of publication, distribution, etc. | Boston : |
| Name of publisher, distributor, etc. | McGraw-Hill, |
| Date of publication, distribution, etc. | c2000. |
| 300 ## - PHYSICAL DESCRIPTION | |
| Extent | 1 v. (various pagings) : |
| Other physical details | ill. (some col.) ; |
| Dimensions | 28 cm. |
| 500 ## - GENERAL NOTE | |
| General note | Includes index. |
| 650 #0 - SUBJECT ADDED ENTRY--TOPICAL TERM | |
| Topical term or geographic name as entry element | Chemistry. |
| -- | 0000148202 |
| 700 1# - ADDED ENTRY--PERSONAL NAME | |
| Personal name | Duran, Randy. |
| -- | 0000154111 |
| 908 ## - PUT COMMAND PARAMETER (RLIN) | |
| Put command parameter | 070516 |
| 950 ## - LOCAL HOLDINGS (RLIN) | |
| -- | 1 |
| Withdrawn status | Lost status | Source of classification or shelving scheme | Not for loan | Home library | Current library | Date acquired | Total Checkouts | Full call number | Barcode | Date last seen | Date last checked out | Price effective from | Koha item type |
|---|---|---|---|---|---|---|---|---|---|---|---|---|---|
| Library of Congress Classification | Kabarak, Main Campus | Kabarak, Main Campus | 17/12/2015 | 6 | QD33 .S55 2000 | 006257 | 13/04/2022 | 04/04/2022 | 17/12/2015 | General Collection | |||
| Library of Congress Classification | Kabarak, Main Campus | Kabarak, Main Campus | 17/12/2015 | 6 | QD33 .S55 2000 | 006258 | 11/04/2024 | 07/04/2024 | 17/12/2015 | General Collection |